01828nam a22003134a 4500001001200000003000800012006001900020007001500039008004100054010001700095020003500112040002100147035002000168050002400188082001200212100004300224245012700267250001200394260004400406300001700450500002000467505064600487533015201133650004001285655002901325710001701354856012601371999001701497ebr10096064CaPaEBRm u cr cn|||||||||040616s2004 ilu sf 001 0 eng  z 2004013895 z1572483830 (pbk. : alk. paper) aCaPaEBRcCaPaEBR a(OCoLC)5693037114aHG8061b.Z48 2004eb04a3682221 aZevnik, Richard Wm.q(Richard William)14aThe complete book of insuranceh[electronic resource] :bunderstand the coverage you really need /cby Richard Wm. Zevnik. a1st ed. aNaperville, Ill. :bSphinx Pub.,c2004. axiii, 272 p. aIncludes index.0 aThe role of insurance in the economy -- The structure of the business of insurance -- The marketing and selling of insurance -- Insuring other interests -- Homeowners insurance -- Loss of use and additional coverages -- Exclusions -- Conditions -- Liability coverages -- Liability coverage exclusions -- Liability coverages conditions -- Choosing liability limits -- Personal automobile policies -- Auto liability coverage exclusions -- Medical payments coverage -- Medical payments coverage -- Uninsured & underinsured motorists coverage -- Physical loss or damage coverage provisions -- Life, credit life, disability, and health coverages. aElectronic reproduction.bPalo Alto, Calif. :cebrary,d2013.nAvailable via World Wide Web.nAccess may be limited to ebrary affiliated libraries. 0aInsurancevHandbooks, manuals, etc. 7aElectronic books.2local2 aebrary, Inc.40uhttp://site.ebrary.com/lib/rucke/Doc?id=10096064zAn electronic book accessible through the World Wide Web; click to view c98042d98042